| 000 | 00642nam a2200229Ia 4500 | ||
|---|---|---|---|
| 003 | OSt | ||
| 005 | 20220923211907.0 | ||
| 006 | a|||||r|||| 00| 0 | ||
| 007 | ta | ||
| 008 | Pun | ||
| 024 | _a69,977 | ||
| 037 | _cTextual | ||
| 040 |
_aARTS _cARTS _bPun |
||
| 041 |
_2Pun _aPun |
||
| 082 | _aQ8441:2K66,D:g, 153J5 | ||
| 100 | _aਰਣਧੀਰ ਸਿੰਘ | ||
| 245 | 0 | _aਸ੍ਰੀ ਗੁਗੂ ਗੋਬਿੰਦ ਸਿੰਘ ਜੀ ਦੀ Fਬਦ -ਮੂਰਤਿ | |
| 260 | _c1955 | ||
| 650 | _aਧਰਮ | ||
| 942 |
_hQ8441:2K66,D:g, 153J5 _cTEXL _2CC |
||
| 999 |
_c304440 _d304440 |
||